000 01279cam a22003974i 4500
003 PE-LiUPU
005 20250805113816.0
008 150625s r 000 0 d
035 _a(Sirsi) a33059
040 _aPE-LiUPU
_bspa
_cPE-LiUPU
_erda
082 0 4 _a225.561
_bE23
_221
130 _aBiblia.
_lEspañol
_91582
245 0 0 _aEdición para evangelismo personal del Nuevo Testamento :
_bBiblia de las Américas /
_cedición publicada por Holman Bible Publishers
300 _a382 páginas ;
_b18 centímetros.
336 _atext
_2rdacontent
337 _aunmediated
_2rdamedia
338 _avolume
_2rdacarrier
504 _aIncluye referencias bibliográficas
505 _aNuevo Testamento completo.
526 _aSEG42
526 _aSEG41
526 _aSEG40
526 _aSEG39
526 _aP94
526 _aP87
526 _aP86
526 _aP85
526 _aP77
526 _aP76
526 _aP35
630 0 _aBiblia.
_pNuevo Testamento
_lEspañol
_sBiblia de las Américas
_f1982
_91583
942 _2ddc
_cBK
949 _a225 46
_wDEWEY
_c1
_i21393
_lCCODEBUL1
_mBUL
_p00.00
_r0
_sY
_tBOOK
_u2015-06-25
_xBIBLIOTECA
_zUNKNOWN
_0COMPRA
_o.STAFF. Colección General
999 _c40779
_d40779
980 _818226
_gJaime Vilcazán Jefe de Análisis Documental